Music Trivia: 1960 Songs and Artists - Statistics

General Stats
  • This quiz has been taken 175 times
  • The average score is 7 of 15
Answer Stats
For these 1960 songs... ...name the artist or group who performed it % Correct
Only the Lonely Roy Orbison
83%
Cathy's Clown The Everly Brothers
83%
Calendar Girl Neil Sedaka
66%
Beyond the Sea Bobby Darin
58%
Stuck On You Elvis Presley
56%
El Paso Marty Robbins
54%
Save the Last Dance for Me The Drifters
49%
Chain Gang Sam Cooke
47%
Will You Love Me Tomorrow The Shirelles
44%
Apache The Shadows
38%
Shop Around The Miracles
33%
Walk Don't Run The Ventures
29%
Stay Maurice Williams and the Zodiacs
23%
Money (That's What I Want) Barrett Strong
13%
Alley-Oop The Hollywood Argyles
13%
No matching quizzes found
Score Distribution
Percent of People with Each Score
Percentile by Number Answered
Your Score History
You have not taken this quiz